000 00374nam a2200157Ia 4500
003 Ost
005 20260225132543.0
008 260225s9999||||xx |||||||||||||| ||und||
040 _cfsic
041 _afre
082 _a440
100 _amohmoud durabah
_eAuteur
245 0 _aLes transformations economiques de L'Algerie /
245 0 _cmohmoud durabah
942 _cكتاب
999 _c33650
_d33650